| 000 | 00683nam a2200229 a 4500 | ||
|---|---|---|---|
| 008 | |||
| 020 | _a0443070857 (pbk. ) | ||
| 049 | _aMAIN | ||
| 090 |
_aRC636 _bHOW |
||
| 100 | 1 | _aHoward, Martin R. | |
| 245 | 1 | 0 |
_aHaematology : _ban illustrated colour text / _cMartin R. Howard and Peter J. Hamilton. |
| 260 |
_aEdinburgh : _bChurchill Livingstone, _c2002. |
||
| 300 |
_aix, 115 p. : _bcol. ill. ; _c30 cm. |
||
| 500 | _aIncludes index. | ||
| 650 | 1 | _aHaematology. | |
| 700 | _aHamilton, J. Peter. | ||
| 907 |
_a.b1025724x _b06-11-14 _c11-11-08 |
||
| 003 | |||
| 005 | 20230123125051.0 | ||
| 040 | _cNUST | ||
| 942 |
_cBOOKS _kRC636 _mHOW |
||
| 999 |
_c135152 _d135152 |
||